000 00439pam a2200169 a 4500
020 _a0070602344
040 _cDLC
082 0 0 _a519 HIL 1988 A030 Or.
100 1 _aSpiegel, Murray R.
245 1 0 _aSchaum's outline of theory and problems of statistics /
250 _a2nd ed.
260 _aNew York :
_bMcGraw-Hill,
_cc1988.
300 _a504 p. :
_bill. ;
_c28 cm.
500 _aIncludes index.
650 0 _aStatistics
942 _cEK
999 _c11690
_d11690